000
00284nam a22001337a 4500
008
170308b xxu||||| |||| 00| 0 eng d
020
_a
9781844060825
041
_a
eng
080
_a
611
100
_a
6
101
_a
SHM
245
_a
ATLAS OF ANATOMY
_c
IAZZETTI, G
942
_2
udc
_c
BK
999
_c
7174
_d
7174